000 00618cab a2200217 4500
001 WB3438-03
008 090401t1998 xxu||||| |||| 00| 0 eng d
035 _a(Sirsi) u88896
041 _aeng
245 _aCentre for lean construction
260 _c1998
350 _a0
490 _aConstruction News
_v(6586) 8 October 1998, 56(1)
520 _aThe Chartered Institute of Building is planning to set up a centre for lean construction.
650 _aCHARTERED INSTITUTE OF BUILDING
650 _aFORUM
650 _aLEAN CONSTRUCTION
690 _aBUILT ENVIRONMENT
942 _n0
948 _c08/10/1998
999 _c56212
_d56212